Vista normal
Vista MARC
Entrada Materia (personas)
Número de registros utilizados en: 1
001 - CONTROL NUMBER
- control field: 81986
003 - CONTROL NUMBER IDENTIFIER
- control field: Co-BoUCM
005 - DATE AND TIME OF LATEST TRANSACTION
- control field: 20161118122708.0
008 - FIXED-LENGTH DATA ELEMENTS
- fixed length control field: 161118|| aca||aabn | a|a d
040 ## - CATALOGING SOURCE
- Original cataloging agency: Co-BoUCM
- Transcribing agency: Co-BoUCM
100 ## - HEADING--PERSONAL NAME
- Personal name: Warsh, David
670 ## - SOURCE DATA FOUND
- Source citation: Work cat.: (Co-BoUCM)304932: Warsh, David, El Conocimiento y la riqueza de las naciones, 2008